00466nam a22001691a 45000010005000000030004000050050017000090080041000260500019000670820019000861000027001052450084001322640027002163000011002435000019002546500023002731373OSt20260204211731.0040119s1981||||dr ||||||b||||||||||spa|| aRD 930.1 V546m aRD 930.1 V543m aVeloz Maggiolo, Marcio aLos modos de vida mellacoides y sus posibles orígenes / Marcio Veloz Maggiolo aSanto Domingo : Taller a433 p. aIncluye indice a1.ArqueologíaÌ